Normal view
MARC view
- الفصول الدراسية-إدارة. الإدارة التعليمية
Entry Topical Term
001 - CONTROL NUMBER
- control field: 22341
003 - CONTROL NUMBER IDENTIFIER
- control field: JO-AjAnu
005 - DATE AND TIME OF LATEST TRANSACTION
- control field: 20230606073846.0
008 - FIXED-LENGTH DATA ELEMENTS
- fixed length control field: 230606|| aca||aabn | a|a d
040 ## - CATALOGING SOURCE
- Original cataloging agency: JO-AjAnu
- Transcribing agency: JO-AjAnu
150 ## - HEADING--TOPICAL TERM
- Topical term or geographic name entry element: الفصول الدراسية-إدارة. الإدارة التعليمية
670 ## - SOURCE DATA FOUND
- Source citation: Work cat.: (JO-AjAnu)11480: لاريفي،باربارا مؤلف/أيوب،محمد مترجم/جمل،محمد جهاد مراجع, author 22340, طرق الإدارة الصفية: الأهداف-الخطط-الوسائل